Photogrammetry. (3rd ed.) (Record no. 81877)
[ view plain ]
| 000 -LEADER | |
|---|---|
| fixed length control field | 01479nam a2200265 a 4500 |
| 008 - FIXED-LENGTH DATA ELEMENTS--GENERAL INFORMATION | |
| fixed length control field | 060316s1980 ||||||||||||||||| || u |
| 020 ## - INTERNATIONAL STANDARD BOOK NUMBER | |
| International Standard Book Number | 070022517X |
| 050 ## - LIBRARY OF CONGRESS CALL NUMBER | |
| Classification number | TA 593 Mot |
| 100 ## - MAIN ENTRY--PERSONAL NAME | |
| Personal name | Mikhail, Edward M |
| 245 10 - TITLE STATEMENT | |
| Title | Photogrammetry. (3rd ed.) |
| 250 ## - EDITION STATEMENT | |
| Edition statement | 3rd ed. |
| 260 ## - PUBLICATION, DISTRIBUTION, ETC. | |
| Place of publication, distribution, etc. | New York : |
| Name of publisher, distributor, etc. | Harper & Row |
| Date of publication, distribution, etc. | 1980 |
| 300 ## - PHYSICAL DESCRIPTION | |
| Extent | xvii, 648 p. : ill. |
| 350 ## - | |
| -- | 0.00 |
| 490 ## - | |
| -- | Series in civil engineering |
| 500 ## - GENERAL NOTE | |
| General note | Includes bibliographies |
| 650 ## - SUBJECT ADDED ENTRY--TOPICAL TERM | |
| Topical term or geographic name entry element | PHOTOGRAMMETRY |
| 700 ## - ADDED ENTRY--PERSONAL NAME | |
| Personal name | Moffitt, Francis H |
| 995 ## - | |
| -- | BINDERY (DAMAGED) |
| -- | 0.00 |
| -- | 714274 |
| -- | CBU-MAIN LIBRARY (Kitwe) |
| -- | 1 |
| -- | 25.00 |
| -- | TA 593 Mof |
| -- | 1 |
| -- | DAMAGED |
| -- | 016810 |
| -- | Main Library Open Access Collection |
| 995 ## - | |
| -- | TEXTBOOKS (MIN.ENG.) |
| -- | 0.00 |
| -- | 3941 |
| -- | CBU-SCHOOL TEXTBOOK COLLECTIONS |
| -- | 1 |
| -- | 0.00 |
| -- | SCHOOL TEXTBOOK |
| -- | 2 |
| -- | AVAILABLE |
| -- | Aug 18, 2009 |
| -- | 3941 |
| -- | School Collections |
| 995 ## - | |
| -- | TEXTBOOKS (MIN.ENG.) |
| -- | 0.00 |
| -- | 3942 |
| -- | CBU-SCHOOL TEXTBOOK COLLECTIONS |
| -- | 1 |
| -- | 0.00 |
| -- | SCHOOL TEXTBOOK |
| -- | 3 |
| -- | AVAILABLE |
| -- | Aug 18, 2009 |
| -- | 3942 |
| -- | School Collections |
| 995 ## - | |
| -- | TEXTBOOKS (MIN.ENG.) |
| -- | 0.00 |
| -- | 3943 |
| -- | CBU-MAIN LIBRARY (Kitwe) |
| -- | 1 |
| -- | 0.00 |
| -- | SCHOOL TEXTBOOK |
| -- | 4 |
| -- | AVAILABLE |
| -- | Aug 18, 2009 |
| -- | 3943 |
| -- | School Collections |
| 995 ## - | |
| -- | TEXTBOOKS (MIN.ENG.) |
| -- | 0.00 |
| -- | 3944 |
| -- | CBU-SCHOOL TEXTBOOK COLLECTIONS |
| -- | 1 |
| -- | 0.00 |
| -- | SCHOOL TEXTBOOK |
| -- | 5 |
| -- | AVAILABLE |
| -- | Aug 18, 2009 |
| -- | 3944 |
| -- | School Collections |
| 995 ## - | |
| -- | TEXTBOOKS (MIN.ENG.) |
| -- | 0.00 |
| -- | 3945 |
| -- | CBU-SCHOOL TEXTBOOK COLLECTIONS |
| -- | 1 |
| -- | 0.00 |
| -- | SCHOOL TEXTBOOK |
| -- | 6 |
| -- | AVAILABLE |
| -- | Aug 18, 2009 |
| -- | 3945 |
| -- | School Collections |
| 999 ## - | |
| -- | 81877 |
| -- | 81877 |
| Withdrawn status | Lost status | Source of classification or shelving scheme | Damaged status | Not for loan | Permanent Location | Current Location | Shelving location | Date acquired | Total Checkouts | Full call number | Barcode | Date last seen | Copy number | Price effective from | Koha item type |
|---|---|---|---|---|---|---|---|---|---|---|---|---|---|---|---|
| CBU-MAIN LIBRARY, KITWE. | CBU-MAIN LIBRARY, KITWE. | 09/12/2023 | TA 593 Mot | 016810 | 09/12/2023 | 1 | 09/12/2023 | MONOGRAPH | |||||||
| CBU-SCHOOL TEXT BOOK COLLECTION | CBU-SCHOOL TEXT BOOK COLLECTION | 09/12/2023 | SCHOOL TEXTBOOK | 3941 | 09/12/2023 | 2 | 09/12/2023 | MONOGRAPH | |||||||
| CBU-SCHOOL TEXT BOOK COLLECTION | CBU-SCHOOL TEXT BOOK COLLECTION | 09/12/2023 | SCHOOL TEXTBOOK | 3942 | 09/12/2023 | 3 | 09/12/2023 | MONOGRAPH | |||||||
| CBU-SCHOOL TEXT BOOK COLLECTION | CBU-SCHOOL TEXT BOOK COLLECTION | 09/12/2023 | SCHOOL TEXTBOOK | 3943 | 09/12/2023 | 4 | 09/12/2023 | MONOGRAPH | |||||||
| CBU-SCHOOL TEXT BOOK COLLECTION | CBU-SCHOOL TEXT BOOK COLLECTION | 09/12/2023 | SCHOOL TEXTBOOK | 3944 | 09/12/2023 | 5 | 09/12/2023 | MONOGRAPH | |||||||
| CBU-SCHOOL TEXT BOOK COLLECTION | CBU-SCHOOL TEXT BOOK COLLECTION | 09/12/2023 | SCHOOL TEXTBOOK | 3945 | 09/12/2023 | 6 | 09/12/2023 | MONOGRAPH |